Faculty of Law Library — Cairo University

Official Online Catalog

Prize Cases : (Record no. 69239)

MARC details
000 -LEADER
fixed length control field 01206nam a2200313 i 4500
003 - CONTROL NUMBER IDENTIFIER
control field EG-GICUC
005 - DATE AND TIME OF LATEST TRANSACTION
control field 20260406092557.0
008 - FIXED-LENGTH DATA ELEMENTS--GENERAL INFORMATION
fixed length control field 260406s1918 -uk||||fr|||| 001 0 eng d
040 ## - CATALOGING SOURCE
Original cataloging agency EG-GiCUC
Language of cataloging eng
Transcribing agency EG-GiCUC
Modifying agency EG-GiCUC
Description conventions rda
041 #0 - LANGUAGE CODE
Language code of text/sound track or separate title eng
082 04 - DEWEY DECIMAL CLASSIFICATION NUMBER
Edition number 21
Classification number 341.511
Item number EV . P
092 04 - LOCALLY ASSIGNED DEWEY CALL NUMBER (OCLC)
Edition number 21
099 ## - LOCAL FREE-TEXT CALL NUMBER (OCLC)
Classification number Law1 11 341.511 EV . P 1918
100 1# - MAIN ENTRY--PERSONAL NAME
Personal name Evans, Samuel
Relator term Author.
245 04 - TITLE STATEMENT
Title Prize Cases :
Remainder of title Heard And Decided In The Prize Court During The Great War.
Number of part/section of a work Vol. II,
Name of part/section of a work 1916-17 /
Statement of responsibility, etc. By The Right Hon. Sir Samuel Evans, Ll.d; Cunder The General Editorship Of A. Wallace Grant.
246 ## - VARYING FORM OF TITLE
Title proper/short title In The Courts Of The Overseas Dominions And On Appeal To The Judicial Committee Of The Privy Council
264 #1 - PRODUCTION, PUBLICATION, DISTRIBUTION, MANUFACTURE, AND COPYRIGHT NOTICE
Place of production, publication, distribution, manufacture London :
Name of producer, publisher, distributor, manufacturer Stevens & Sons,
Date of production, publication, distribution, manufacture, or copyright notice 1918.
300 ## - PHYSICAL DESCRIPTION
Extent 592 pages,
Dimensions 24 cm.
336 ## - CONTENT TYPE
Source rda content
Content type term text
337 ## - MEDIA TYPE
Source rda media
Media type term Computer
338 ## - CARRIER TYPE
Source rda carrier
Carrier type term Online Resource
504 ## - BIBLIOGRAPHY, ETC. NOTE
Bibliography, etc. note Includes bibliographical references and index.<br/><br/>
546 ## - LANGUAGE NOTE
Language note Text in English
650 14 - SUBJECT ADDED ENTRY--TOPICAL TERM
Topical term or geographic name entry element Public international law
700 1# - ADDED ENTRY--PERSONAL NAME
Personal name Grant , A. Wallace
Relator term Contributor
856 40 - ELECTRONIC LOCATION AND ACCESS
Uniform Resource Identifier <a href="https://fll.law.cu.edu.eg/fulltext/bks/B11-09055.pdf">https://fll.law.cu.edu.eg/fulltext/bks/B11-09055.pdf</a>
905 ## - Cataloger and Reviser Names
Cataloger Name: Basma Mohamed
942 ## - ADDED ENTRY ELEMENTS (KOHA)
Source of classification or shelving scheme Dewey Decimal Classification
Koha item type Books
Edition 21
Suppress in OPAC No
Holdings
Withdrawn status Lost status Source of classification or shelving scheme Damaged status Not for loan Collection Home library Current library Date acquired Total checkouts Full call number Barcode Date last seen Copy number Price effective from Koha item type
    Dewey Decimal Classification   Not for loan القانون الدولي العام جــــامعة القــاهرة مكتبة كلية الحقوق - المبنى الرئيسي 06.04.2026   Law1 11 341.511 EV . P 1918 1109055 V2, C1 B11-09055 06.04.2026 1 06.04.2026 Books

© All rights reserved — Faculty of Law, Cairo University